| 000 | 00000nam##2200000za#4500 |
| 001 | 9.588044 |
| 003 | CaOODSP |
| 005 | 20210624194929 |
| 007 | cr ||||||||||| |
| 008 | 150406|2010||||xxc|||||o f|0| 0 fre|d |
| 022 | |a1701-1280 |
| 040 | |aCaOODSP|bfre |
| 041 | |aeng |
| 041 | |afre |
| 043 | |an-cn--- |
| 086 | 1 |aFs70-4/2010-034-PDF |
| 110 | 1 |aCanada. |bMinistère des pêches et des océans. |
| 245 | 10|aCompte rendu d'un processus national d'avis scientifique visant à examiner la composante maritime du Rapport sur l'état et les tendances des écosystèmes (RETE) de 2010 : |h[ressource électronique]|bles 1-4 décembre 2009, Montréal, Québec / |cprésident de réunion : P. Simon; éditrices : A. White et R. Smith. |
| 260 | |aOttawa - Ontario : |bPêches et Océans Canada |cOctobre 2010. |
| 300 | |a33p.|btableaux |
| 490 | 1 |aSecrétariat canadien de consultation scientifique, série des comptes rendus|x1701-1280|v2010/034 |
| 590 | |a12-31-Supp|b2012-07-06 |
| 791 | |tProceedings of a national science advisory process to review the marine component of the 2010 Ecosystem Status and Trends Report (ESTR) : |eeng|w(CaOODSP)9.588043 |
| 830 | #0|aCompte rendu (Secrétariat canadien de consultation scientifique)|x1701-1280|v2010/034|w(CaOODSP)9.500508 |
| 856 | 40|ahttp://publications.gc.ca|qPDF|s149 Ko|uhttps://publications.gc.ca/collections/collection_2012/mpo-dfo/Fs70-4-2010-034.pdf|y2010/034 |